[Event "CZE-chT2C 1920"]
[Site "Czech Republic"]
[Date "2020.01.12"]
[Round "6.7"]
[White "Jirk, Ales"]
[Black "Nemec, Jachym"]
[Result "1/2-1/2"]
[WhiteElo "2135"]
[BlackElo "1891"]
[PlyCount "82"]
[EventDate "2019.10.13"]
[EventType "team-tourn"]
[EventRounds "11"]
[EventCountry "CZE"]
[SourceTitle "EXT 2024"]
[Source "ChessBase"]
[SourceDate "2023.10.10"]
[SourceVersion "1"]
[SourceVersionDate "2023.10.10"]
[SourceQuality "1"]
[WhiteTeam "Lysa nad Labem Joly III"]
[BlackTeam "Ricany 1925"]
[WhiteTeamCountry "CZE"]
[BlackTeamCountry "CZE"]

1. e4 c5 2. Nf3 d6 3. Bb5+ Nd7 4. 0-0 Ngf6 5. Re1 a6 6. Bf1 e6 7. c3 Be7 8. d4 0-0 9. Nbd2 cxd4 10. cxd4 b6 11. b3 Bb7 12. Ba3 d5 13. Bxe7 Qxe7 14. e5 Nh5 15. g3 g6 16. Qe2 Rfc8 17. Qd3 Ng7 18. g4 Qb4 19. a3 Qe7 20. Rec1 Nf8 21. b4 Qd7 22. Qb3 h6 23. a4 g5 24. a5 b5 25. Qe3 Qe7 26. Nb3 Ng6 27. Nc5 Nf4 28. Ne1 h5 29. h3 hxg4 30. hxg4 Bc6 31. Ng2 Ng6 32. Bd3 f5 33. f3 Rf8 34. Rf1 Be8 35. Rf2 Kh7 36. Kf1 Rh8 37. Ke2 Kg8 38. Kd2 Rh3 39. Qe2 Ra7 40. Rg1 Qf8 41. Rff1 Rh2 1/2-1/2

[Event "CZE-chT2C 1920"]
[Site "Czech Republic"]
[Date "2019.11.03"]
[Round "2.7"]
[White "Kronowetter, Borivoj"]
[Black "Jirk, Ales"]
[Result "0-1"]
[WhiteElo "2009"]
[BlackElo "2135"]
[PlyCount "114"]
[EventDate "2019.10.13"]
[EventType "team-tourn"]
[EventRounds "11"]
[EventCountry "CZE"]
[SourceTitle "EXT 2024"]
[Source "ChessBase"]
[SourceDate "2023.10.10"]
[SourceVersion "1"]
[SourceVersionDate "2023.10.10"]
[SourceQuality "1"]
[WhiteTeam "Kolin"]
[BlackTeam "Lysa nad Labem Joly III"]
[WhiteTeamCountry "CZE"]
[BlackTeamCountry "CZE"]

1. Nf3 Nf6 2. c4 g6 3. g3 Bg7 4. Bg2 0-0 5. Nc3 d5 6. cxd5 Nxd5 7. 0-0 c5 8. Qb3 Nb6 9. d3 Be6 10. Qd1 Nc6 11. Bd2 c4 12. Ne1 Qd7 13. Rc1 Rad8 14. b3 Nb4 15. bxc4 Nxc4 16. dxc4 Qxd2 17. Qxd2 Rxd2 18. a3 Nc6 19. Nd3 Bxc3 20. Rxc3 Nd4 21. Nf4 g5 22. Nxe6 Nxe2+ 23. Kh1 Nxc3 24. Nxf8 b6 25. Ne6 fxe6 26. Bh3 e5 27. Re1 Rd1 28. Rxd1 Nxd1 29. Kg2 Kf7 30. Bg4 Nc3 31. Kf3 Nb1 32. a4 Na3 33. Ke4 Nxc4 34. Kd5 Nb2 35. Bd7 Kf6 36. g4 Nd3 37. Bb5 Nxf2 38. Kc6 Nxg4 39. Kb7 Ne3 40. Kxa7 Nd5 41. Bc6 e6 42. Bxd5 exd5 43. Kxb6 d4 44. a5 d3 45. a6 d2 46. a7 d1Q 47. a8Q Qg1+ 48. Kb5 Qxh2 49. Qf8+ Kg6 50. Qe8+ Kh6 51. Qf8+ Kh5 52. Qf5 h6 53. Kc5 Kh4 54. Kd5 h5 55. Qe4+ g4 56. Qe1+ Kh3 57. Qe3+ Qg3 0-1

[Event "CZE-chT2B 1213"]
[Site "Czech Republic"]
[Date "2013.03.03"]
[Round "10.6"]
[White "Novotny, Roman2222"]
[Black "Jirk, Ales"]
[Result "1-0"]
[WhiteElo "2034"]
[BlackElo "2173"]
[PlyCount "53"]
[EventDate "2012.10.14"]
[EventType "team-tourn"]
[EventRounds "11"]
[EventCountry "CZE"]
[SourceTitle "EXT 2015"]
[Source "ChessBase"]
[SourceDate "2014.11.20"]
[SourceVersion "1"]
[SourceVersionDate "2014.11.20"]
[SourceQuality "1"]
[WhiteTeam "Neratovice"]
[BlackTeam "Lysa nad Labem III"]
[WhiteTeamCountry "CZE"]
[BlackTeamCountry "CZE"]

1. e4 e6 2. d4 d5 3. exd5 exd5 4. Nf3 Bd6 5. Bd3 Nc6 6. 0-0 Be6 7. c3 Qd7 8. Re1 Nge7 9. b4 h6 10. Nbd2 0-0 11. Nf1 Bg4 12. Ne3 Bh5 13. Bd2 f5 14. Kh1 f4 15. Nf1 Nf5 16. b5 Nce7 17. Ne5 Bxe5 18. Qxh5 Bd6 19. h3 g6 20. Qg4 f3 21. Bxh6 fxg2+ 22. Kxg2 Rf7 23. Ng3 Kh7 24. Bg5 Raf8 25. Re2 Ng8 26. Nxf5 gxf5 27. Rae1 1-0

[Event "CZE-chT2B 1213"]
[Site "Czech Republic"]
[Date "2013.02.03"]
[Round "8.7"]
[White "Jirk, Ales"]
[Black "Riha, Jaroslav1111"]
[Result "1/2-1/2"]
[WhiteElo "2173"]
[BlackElo "1966"]
[PlyCount "50"]
[EventDate "2012.10.14"]
[EventType "team-tourn"]
[EventRounds "11"]
[EventCountry "CZE"]
[SourceTitle "EXT 2015"]
[Source "ChessBase"]
[SourceDate "2014.11.20"]
[SourceVersion "1"]
[SourceVersionDate "2014.11.20"]
[SourceQuality "1"]
[WhiteTeam "Lysa nad Labem III"]
[BlackTeam "Usti nad Labem"]
[WhiteTeamCountry "CZE"]
[BlackTeamCountry "CZE"]

1. e4 d6 2. d4 Nf6 3. Nc3 g6 4. f4 Bg7 5. Nf3 c5 6. Bd3 cxd4 7. Ne2 0-0 8. 0-0 Nc6 9. f5 Qb6 10. Ng3 Ne5 11. Kh1 Nxf3 12. Qxf3 e5 13. b3 Bd7 14. Bg5 Rac8 15. h4 h6 16. Bd2 a6 17. a4 Bc6 18. Bc4 Kh8 19. a5 Qd8 20. Kg1 d5 21. exd5 Nxd5 22. Qg4 Nf6 23. Qe2 Nd5 24. Qg4 Nf6 25. Qe2 Nd5 1/2-1/2

[Event "CZE-chT2C 1011"]
[Site "Czech Republic"]
[Date "2010.11.07"]
[Round "2.6"]
[White "Jirk, Ales"]
[Black "Horacek, Michal"]
[Result "0-1"]
[WhiteElo "2177"]
[BlackElo "1948"]
[PlyCount "58"]
[EventDate "2010.10.17"]
[EventType "team-tourn"]
[EventRounds "11"]
[EventCountry "CZE"]
[SourceTitle "EXT 2012"]
[Source "ChessBase"]
[SourceDate "2011.11.24"]
[SourceVersion "1"]
[SourceVersionDate "2011.11.24"]
[SourceQuality "1"]
[WhiteTeam "Lysa nad Labem II"]
[BlackTeam "Pardubice Bohemia"]
[WhiteTeamCountry "CZE"]
[BlackTeamCountry "CZE"]

1. e4 d6 2. d4 Nf6 3. Nc3 e5 4. Nf3 Nbd7 5. Bc4 Be7 6. Bxf7+ Kxf7 7. Ng5+ Kg8 8. Ne6 Qe8 9. Nxc7 Qg6 10. Nxa8 Qxg2 11. Rf1 exd4 12. Qe2 Ne5 13. f4 Qxe2+ 14. Nxe2 Nc6 15. Nc7 Nxe4 16. Ng3 Bh4 17. Bd2 Bg4 18. Rf2 Nxg3 19. hxg3 Bxg3 20. Kf1 Bxf2 21. Kxf2 Kf7 22. Kg3 Bf5 23. c3 d3 24. Re1 a6 25. a3 Ne7 26. Be3 h5 27. c4 h4+ 28. Kh2 Rc8 29. Bb6 Bg4 0-1

[Event "CZE-chT2C 0910"]
[Site "Czech Republic"]
[Date "2010.04.18"]
[Round "11.5"]
[White "Hacha, Ales"]
[Black "Jirk, Ales"]
[Result "1/2-1/2"]
[WhiteElo "2188"]
[BlackElo "2184"]
[PlyCount "77"]
[EventDate "2009.10.18"]
[EventType "team-tourn"]
[EventRounds "11"]
[EventCountry "CZE"]
[SourceTitle "EXT 2011"]
[Source "ChessBase"]
[SourceDate "2010.11.26"]
[SourceVersion "1"]
[SourceVersionDate "2010.11.26"]
[SourceQuality "1"]
[WhiteTeam "Turnov Zikuda II"]
[BlackTeam "Lysa nad Labem II"]
[WhiteTeamCountry "CZE"]
[BlackTeamCountry "CZE"]

1. Nf3 Nf6 2. g3 g6 3. Bg2 Bg7 4. 0-0 0-0 5. d3 d5 6. Nbd2 c5 7. e4 Nc6 8. c3 b6 9. Qa4 Bb7 10. Ne1 e6 11. f4 Qc7 12. Ndf3 dxe4 13. dxe4 Rad8 14. Be3 a5 15. e5 Ng4 16. Nc2 Rd3 17. Rfe1 Rfd8 18. h3 Nxe3 19. Rxe3 Ne7 20. Rxd3 Rxd3 21. Nce1 Rd8 22. Rd1 Nf5 23. Kf2 c4 24. Rxd8+ Qxd8 25. g4 Nh4 26. Qxc4 Nxg2 27. Nxg2 Qd1 28. Nge1 Bf8 29. Qe2 Bc5+ 30. Kf1 Qc1 31. Qd2 Qxd2 32. Nxd2 Be3 33. Ke2 Bxf4 34. Nef3 Kf8 35. c4 g5 36. Kd3 Bxd2 37. Nxd2 Bg2 38. Ne4 Bxh3 39. Nxg5 1/2-1/2

[Event "CZE-chT2C 0910"]
[Site "Czech Republic"]
[Date "2010.01.31"]
[Round "6.7"]
[White "Jirk, Ales"]
[Black "Fiala, Jaroslav"]
[Result "1/2-1/2"]
[WhiteElo "2184"]
[BlackElo "2248"]
[PlyCount "66"]
[EventDate "2009.10.18"]
[EventType "team-tourn"]
[EventRounds "11"]
[EventCountry "CZE"]
[SourceTitle "EXT 2011"]
[Source "ChessBase"]
[SourceDate "2010.11.26"]
[SourceVersion "1"]
[SourceVersionDate "2010.11.26"]
[SourceQuality "1"]
[WhiteTeam "Lysa nad Labem II"]
[BlackTeam "Jicin"]
[WhiteTeamCountry "CZE"]
[BlackTeamCountry "CZE"]

1. e4 e6 2. d4 d5 3. Nd2 dxe4 4. Nxe4 Bd7 5. Nf3 Bc6 6. Bd3 Nd7 7. Qe2 Bxe4 8. Bxe4 c6 9. Bd2 Ngf6 10. Bd3 Be7 11. 0-0-0 Qc7 12. Ne5 Nxe5 13. dxe5 Nd7 14. f4 Nc5 15. Be3 0-0-0 16. Bc4 b5 17. Bxc5 Bxc5 18. Bd3 Rd4 19. Be4 Rhd8 20. c3 Rxd1+ 21. Rxd1 Rxd1+ 22. Kxd1 h6 23. Kc2 a6 24. g4 Kb7 25. Qd2 Be7 26. f5 Bg5 27. Qd4 Qd8 28. Qf2 Qb6 29. Qf3 Qc7 30. Kb3 Kb6 31. h3 Qxe5 32. Bxc6 Qf4 33. Qxf4 Bxf4 1/2-1/2

[Event "CZE-chT2C 0910"]
[Site "Czech Republic"]
[Date "2010.01.17"]
[Round "5.7"]
[White "Cmiko, Jakub"]
[Black "Jirk, Ales"]
[Result "1/2-1/2"]
[WhiteElo "2056"]
[BlackElo "2184"]
[PlyCount "92"]
[EventDate "2009.10.18"]
[EventType "team-tourn"]
[EventRounds "11"]
[EventCountry "CZE"]
[SourceTitle "EXT 2011"]
[Source "ChessBase"]
[SourceDate "2010.11.26"]
[SourceVersion "1"]
[SourceVersionDate "2010.11.26"]
[SourceQuality "1"]
[WhiteTeam "Praha Oaza"]
[BlackTeam "Lysa nad Labem II"]
[WhiteTeamCountry "CZE"]
[BlackTeamCountry "CZE"]

1. e4 e6 2. d4 d5 3. Nc3 Nf6 4. Bg5 Bb4 5. e5 h6 6. Bd2 Bxc3 7. bxc3 Ne4 8. Qg4 g6 9. Nf3 c5 10. Bd3 Nxd2 11. Kxd2 Nc6 12. h4 Qa5 13. Qf4 cxd4 14. Nxd4 Nxd4 15. Qxd4 Bd7 16. Rab1 b6 17. Qb4 Qa4 18. f4 h5 19. g3 Rc8 20. Qxa4 Bxa4 21. Rb4 Bc6 22. Rhb1 Ke7 23. Ba6 Rc7 24. a4 Bb7 25. Bd3 Rc5 26. Rb5 Rhc8 27. Rxc5 Rxc5 28. Bb5 Kd8 29. Rb4 a6 30. Be2 Kc7 31. c4 a5 32. Rb5 Bc6 33. cxd5 Bxb5 34. d6+ Kd8 35. Bxb5 Rd5+ 36. Ke3 Rd1 37. c4 Ra1 38. Kf3 Ra3+ 39. Kf2 Rc3 40. Kg2 Rc2+ 41. Kf3 Rc3+ 42. Kf2 Rb3 43. Kg2 Rd3 44. Kf2 Kc8 45. Ba6+ Kd7 46. Bb5+ Kc8 1/2-1/2

[Event "CZE-chT2C 0910"]
[Site "Czech Republic"]
[Date "2009.12.06"]
[Round "4.7"]
[White "Jirk, Ales"]
[Black "Necada, Martin"]
[Result "1/2-1/2"]
[WhiteElo "2184"]
[BlackElo "2143"]
[PlyCount "90"]
[EventDate "2009.10.18"]
[EventType "team-tourn"]
[EventRounds "11"]
[EventCountry "CZE"]
[SourceTitle "EXT 2011"]
[Source "ChessBase"]
[SourceDate "2010.11.26"]
[SourceVersion "1"]
[SourceVersionDate "2010.11.26"]
[SourceQuality "1"]
[WhiteTeam "Lysa nad Labem II"]
[BlackTeam "Praha Dukla"]
[WhiteTeamCountry "CZE"]
[BlackTeamCountry "CZE"]

1. e4 d6 2. d4 Nf6 3. Nc3 g6 4. f4 Bg7 5. Nf3 c5 6. Bd3 cxd4 7. Ne2 Nc6 8. 0-0 0-0 9. Qe1 Bg4 10. Kh1 Bxf3 11. gxf3 Rc8 12. Rg1 a5 13. a3 e6 14. b4 axb4 15. axb4 Qb6 16. b5 Ne7 17. Qb4 Qc5 18. Ba3 Qh5 19. Rg3 Rfd8 20. Bb2 Qc5 21. Qb3 e5 22. Rg5 Bh6 23. Bxd4 Qc7 24. fxe5 dxe5 25. Rxe5 Rxd4 26. Rxe7 Qxe7 27. Nxd4 Qd7 28. c3 Be3 29. Be2 Nh5 30. Bf1 Qc7 31. Ne2 Nf4 32. c4 Bb6 33. Ng3 Qc5 34. Bg2 Qf2 35. Qa2 Qxa2 36. Rxa2 Rxc4 37. Ra8+ Kg7 38. Ra1 Nxg2 39. Kxg2 Rb4 40. f4 Rxb5 41. Ra2 Rb3 42. e5 Bd4 43. Ra4 Bc5 44. Ne4 Be7 45. Ra7 h5 1/2-1/2

[Event "CZE-chT2C 0910"]
[Site "Czech Republic"]
[Date "2009.11.08"]
[Round "2.7"]
[White "Jirk, Ales"]
[Black "Soucek, Milan"]
[Result "1/2-1/2"]
[WhiteElo "2184"]
[BlackElo "2167"]
[PlyCount "38"]
[EventDate "2009.10.18"]
[EventType "team-tourn"]
[EventRounds "11"]
[EventCountry "CZE"]
[SourceTitle "EXT 2011"]
[Source "ChessBase"]
[SourceDate "2010.11.26"]
[SourceVersion "1"]
[SourceVersionDate "2010.11.26"]
[SourceQuality "1"]
[WhiteTeam "Lysa nad Labem II"]
[BlackTeam "Kolin"]
[WhiteTeamCountry "CZE"]
[BlackTeamCountry "CZE"]

1. e4 e6 2. Qe2 d5 3. exd5 Qxd5 4. Nc3 Qd8 5. f4 Nc6 6. Nf3 Nf6 7. d3 Be7 8. Bd2 0-0 9. g4 Nd5 10. Nxd5 exd5 11. 0-0-0 Bxg4 12. Qg2 Bxf3 13. Qxf3 Nd4 14. Qh5 Qd7 15. Bc3 c5 16. Rg1 Bf6 17. Rd2 g6 18. Qh3 Qd6 19. Qg4 b5 1/2-1/2

[Event "CZE-chT2C 0809"]
[Site "Czech Republic"]
[Date "2009.03.22"]
[Round "10.5"]
[White "Jirk, Ales"]
[Black "Duczynski, Martin"]
[Result "1/2-1/2"]
[WhiteElo "2142"]
[BlackElo "2125"]
[PlyCount "76"]
[EventDate "2008.10.12"]
[EventType "team-tourn"]
[EventRounds "11"]
[EventCountry "CZE"]
[SourceTitle "EXT 2010"]
[Source "ChessBase"]
[SourceDate "2010.11.25"]
[SourceVersion "1"]
[SourceVersionDate "2010.11.25"]
[SourceQuality "1"]
[WhiteTeam "Lysa nad Labem II"]
[BlackTeam "Jicin"]
[WhiteTeamCountry "CZE"]
[BlackTeamCountry "CZE"]

1. e4 d5 2. exd5 Nf6 3. Bb5+ Bd7 4. Be2 Nxd5 5. d4 Nc6 6. c4 Nb6 7. Nc3 Bf5 8. Be3 e6 9. Nf3 Be7 10. 0-0 0-0 11. Qb3 Qc8 12. c5 Nd7 13. Bb5 Ncb8 14. Rad1 c6 15. Be2 Bg4 16. Bf4 Bxf3 17. Bxf3 Nf6 18. Ne4 Nxe4 19. Bxe4 Nd7 20. Qh3 Nf6 21. Bb1 g6 22. Rd3 Nd5 23. Be5 f6 24. Bg3 e5 25. Qh6 e4 26. Rb3 f5 27. Be5 Bf6 28. Rh3 Qd7 29. Bd6 Rfe8 30. Rd1 Qg7 31. Qd2 Be7 32. Be5 Bf6 33. Bd6 Be7 34. Bg3 Rad8 35. Be5 Bf6 36. Bd6 Be7 37. Be5 Bf6 38. Bd6 Be7 1/2-1/2

[Event "CZE-chT2C 0809"]
[Site "Czech Republic"]
[Date "2008.11.23"]
[Round "3.7"]
[White "Sykora, Ondrej"]
[Black "Jirk, Ales"]
[Result "0-1"]
[WhiteElo "2198"]
[BlackElo "2142"]
[PlyCount "78"]
[EventDate "2008.10.12"]
[EventType "team-tourn"]
[EventRounds "11"]
[EventCountry "CZE"]
[SourceTitle "EXT 2010"]
[Source "ChessBase"]
[SourceDate "2010.11.25"]
[SourceVersion "1"]
[SourceVersionDate "2010.11.25"]
[SourceQuality "1"]
[WhiteTeam "Turnov Zikuda II"]
[BlackTeam "Lysa nad Labem II"]
[WhiteTeamCountry "CZE"]
[BlackTeamCountry "CZE"]

1. e4 e6 2. e5 d5 3. exd6 Bxd6 4. d4 Nd7 5. Nf3 c5 6. Nc3 Ngf6 7. Nb5 Be7 8. dxc5 Nxc5 9. Qxd8+ Bxd8 10. Be3 b6 11. Nd6+ Ke7 12. 0-0-0 Nd5 13. Bxc5 bxc5 14. Nxc8+ Rxc8 15. Ba6 Rb8 16. Ne5 Rb6 17. Bc4 Bc7 18. Rhe1 Bxe5 19. Rxe5 Kf6 20. Ree1 Rd8 21. Bxd5 Rxd5 22. Rxd5 exd5 23. Re3 Rb7 24. b3 Re7 25. Rxe7 Kxe7 26. Kd2 Kd6 27. c3 a5 28. a3 Kc6 29. f4 f5 30. h3 h5 31. b4 axb4 32. axb4 h4 33. Kc2 Kb5 34. Kd3 g6 35. Ke3 cxb4 36. cxb4 Kc4 37. b5 Kxb5 38. Kd4 Kc6 39. Ke5 Kc5 0-1

[Event "CZE-chT2c 0607"]
[Site "Czech Republic"]
[Date "2007.01.14"]
[Round "6.7"]
[White "Jirk, Ales"]
[Black "Novotny, Jaroslav2222"]
[Result "1-0"]
[WhiteElo "2117"]
[BlackElo "2078"]
[PlyCount "75"]
[EventDate "2006.10.15"]
[EventType "team"]
[EventRounds "11"]
[EventCountry "CZE"]
[SourceTitle "EXT 2008"]
[Source "ChessBase"]
[SourceDate "2007.11.25"]
[SourceVersion "1"]
[SourceVersionDate "2007.11.25"]
[SourceQuality "1"]
[WhiteTeam "Lysa nad Labem"]
[BlackTeam "Liberec"]
[WhiteTeamCountry "CZE"]
[BlackTeamCountry "CZE"]

1. e4 c5 2. Nf3 Nc6 3. Bb5 e6 4. Bxc6 bxc6 5. 0-0 d5 6. d3 Nf6 7. Nc3 Be7 8. Bf4 Ba6 9. Re1 0-0 10. b3 Nd7 11. Ne2 Bf6 12. e5 Be7 13. c4 f5 14. Qc1 Re8 15. Kh1 Nf8 16. Rg1 Ng6 17. g4 Bc8 18. Rg3 Rb8 19. Qg1 Rb7 20. gxf5 exf5 21. Rxg6 hxg6 22. Qxg6 Rf8 23. Rg1 Bh4 24. Bg5 Qe8 25. Bxh4 Qxg6 26. Rxg6 dxc4 27. dxc4 Rd7 28. Rd6 f4 29. Rxd7 Bxd7 30. Kg2 Bf5 31. Nc3 Kf7 32. Ng5+ Kg6 33. e6 Kh5 34. e7 Re8 35. Nf3 Bg4 36. Ne4 Bxf3+ 37. Kxf3 Kxh4 38. Nd6 1-0

[Event "Czechia KP-chTA 0607"]
[Site "Czech Republic"]
[Date "2006.11.26"]
[Round "3.7"]
[White "Jirk, Ales"]
[Black "Nyvlt, Miloslav"]
[Result "1-0"]
[WhiteElo "2056"]
[BlackElo "1788"]
[PlyCount "107"]
[EventDate "2006.10.29"]
[EventType "team"]
[EventRounds "11"]
[EventCountry "CZE"]
[SourceTitle "EXT 2008"]
[Source "ChessBase"]
[SourceDate "2007.11.25"]
[SourceVersion "1"]
[SourceVersionDate "2007.11.25"]
[SourceQuality "1"]
[WhiteTeam "Lysa nad Labem II"]
[BlackTeam "Melnik"]
[WhiteTeamCountry "CZE"]
[BlackTeamCountry "CZE"]

1. e4 c5 2. Nf3 Nc6 3. Bb5 Qc7 4. 0-0 Nf6 5. Re1 e5 6. c3 Be7 7. h3 0-0 8. d4 d6 9. Na3 Bd7 10. Bg5 a6 11. Bf1 Rae8 12. Rc1 Qd8 13. Qb3 Na5 14. Qc2 Nh5 15. Be3 Nc6 16. Red1 Qc7 17. b4 b6 18. b5 axb5 19. Nxb5 Qc8 20. Qb2 f5 21. exf5 Bxf5 22. Ng5 Na5 23. a4 Qc6 24. g4 h6 25. Bg2 e4 26. gxf5 hxg5 27. d5 Qd7 28. Bxe4 Nc4 29. Qe2 Nxe3 30. Qxh5 Nxf5 31. Re1 Rf6 32. Re2 Ref8 33. Rce1 Bd8 34. Qxg5 Rh6 35. Bxf5 Qxf5 36. Qxf5 Rxf5 37. Re8+ Rf8 38. R1e6 Rxh3 39. Rxf8+ Kxf8 40. Rxd6 Ke7 41. Re6+ Kf8 42. Rd6 Ke7 43. Re6+ Kf8 44. d6 Rd3 45. Kf1 Bg5 46. Re4 Kf7 47. f4 Rf3+ 48. Ke2 Rxf4 49. Re5 Bf6 50. d7 Rxa4 51. Nd6+ Kg6 52. Re6 Ra8 53. Nc8 Ra2+ 54. Ke3 1-0

[Event "Czechia KP-chTA 0607"]
[Site "Czech Republic"]
[Date "2006.11.12"]
[Round "2.7"]
[White "Lochman, Vaclav"]
[Black "Jirk, Ales"]
[Result "0-1"]
[WhiteElo "1804"]
[BlackElo "2056"]
[PlyCount "27"]
[EventDate "2006.10.29"]
[EventType "team"]
[EventRounds "11"]
[EventCountry "CZE"]
[SourceTitle "EXT 2008"]
[Source "ChessBase"]
[SourceDate "2007.11.25"]
[SourceVersion "1"]
[SourceVersionDate "2007.11.25"]
[SourceQuality "1"]
[WhiteTeam "Bakov nad Jizerou"]
[BlackTeam "Lysa nad Labem II"]
[WhiteTeamCountry "CZE"]
[BlackTeamCountry "CZE"]

1. e4 e6 2. d4 d5 3. exd5 exd5 4. Nf3 Bd6 5. Bd3 Ne7 6. 0-0 0-0 7. c3 Bf5 8. Bxf5 Nxf5 9. Qd3 Qf6 10. Bg5 Qg6 11. g4 Nh4 12. Qxg6 Nxf3+ 13. Kg2 fxg6 14. Bc1 0-1

[Event "CZE-chT3A Middle 0506  "]
[Site "Czech Republic"]
[Date "2006.03.19"]
[Round "10.3"]
[White "Jirk, Ales"]
[Black "Purnoch, Josef"]
[Result "1-0"]
[WhiteElo "2028"]
[BlackElo "2148"]
[PlyCount "113"]
[EventDate "2005.10.30"]
[EventType "team"]
[EventRounds "11"]
[EventCountry "CZE"]
[SourceTitle "EXT 2009"]
[Source "ChessBase"]
[SourceDate "2008.11.26"]
[SourceVersion "1"]
[SourceVersionDate "2008.11.26"]
[SourceQuality "1"]

1. e4 Nc6 2. Nf3 Nf6 3. e5 Nd5 4. d4 d6 5. h3 Bf5 6. Bb5 a6 7. Ba4 Nb6 8. Bxc6+ bxc6 9. 0-0 e6 10. Bg5 Be7 11. Bxe7 Qxe7 12. Nbd2 0-0 13. Re1 Rfd8 14. Qe2 Nd7 15. Qc4 c5 16. dxc5 d5 17. Qc3 Qxc5 18. Qxc5 Nxc5 19. Nd4 Bg6 20. b4 Nb7 21. N2b3 Kf8 22. Nc6 Rdc8 23. Rac1 a5 24. Nbxa5 Nxa5 25. Nxa5 c5 26. c3 Rc7 27. a4 Ke8 28. Ra1 d4 29. Nc4 dxc3 30. b5 Bd3 31. Nd6+ Ke7 32. a5 c2 33. b6 Rc6 34. Ra3 Be2 35. Rc1 Rxb6 36. Rxc2 Rb1+ 37. Kh2 Ba6 38. Rxc5 Ra7 39. Rac3 Ra1 40. Rc7+ Rxc7 41. Rxc7+ Kd8 42. Rxf7 Rxa5 43. Rxg7 Ra2 44. Ra7 Bc4 45. Rxa2 Bxa2 46. g4 Ke7 47. f4 Bb1 48. Kg3 h5 49. gxh5 Kf8 50. Kg4 Kg7 51. Kg5 Bc2 52. h6+ Kh8 53. Kf6 Bb3 54. Ne4 Kh7 55. Nc5 Bc4 56. Nxe6 Kxh6 57. Nd4 1-0

[Event "CZE-chT3A Middle 0506  "]
[Site "Czech Republic"]
[Date "2005.11.13"]
[Round "2.5"]
[White "Silhan, Petr"]
[Black "Jirk, Ales"]
[Result "1-0"]
[WhiteElo "1860"]
[BlackElo "2028"]
[PlyCount "73"]
[EventDate "2005.10.30"]
[EventType "team"]
[EventRounds "11"]
[EventCountry "CZE"]
[SourceTitle "EXT 2009"]
[Source "ChessBase"]
[SourceDate "2008.11.26"]
[SourceVersion "1"]
[SourceVersionDate "2008.11.26"]
[SourceQuality "1"]

1. e4 c5 2. Nf3 e6 3. d4 cxd4 4. Nxd4 Nc6 5. Nc3 Qc7 6. g3 a6 7. Bg2 b5 8. 0-0 Bb7 9. Bf4 e5 10. Nxc6 dxc6 11. Be3 Nf6 12. f4 Bd6 13. Qe2 0-0 14. f5 a5 15. Rfe1 b4 16. Na4 c5 17. Bf2 Ba6 18. Qf3 Bb5 19. b3 Bxa4 20. bxa4 Qc6 21. g4 Nd7 22. Rad1 Nb6 23. f6 Nxa4 24. Bh4 Bc7 25. Rf1 Bd8 26. g5 Nc3 27. Rde1 Nb5 28. Qh5 Nd4 29. Re3 Ne6 30. Bh3 h6 31. Bf5 Qe8 32. fxg7 Nxg7 33. Qxh6 Nxf5 34. exf5 f6 35. gxf6 Bxf6 36. Rg3+ Kf7 37. Qxf6# 1-0